Arte de Africa negra / (Record no. 91312)

MARC details
000 -LEADER
campo de control de longitud fija 00580nam a2200181 i 4500
001 - NÚMERO DE CONTROL
campo de control 91312
003 - IDENTIFICADOR DE NÚMERO DE CONTROL
campo de control ES-MaACL
005 - FECHA Y HORA DE LA ÚLTIMA TRANSACCIÓN
campo de control 20230906180706.0
007 - CAMPO FIJO DE DESCRIPCIÓN FÍSICA--INFORMACIÓN GENERAL
campo de control de longitud fija t|
008 - DATOS DE LONGITUD FIJA--INFORMACIÓN GENERAL
campo de control de longitud fija 050128s1976 sp ||||1| spa d
100 1# - ENTRADA PRINCIPAL--NOMBRE DE PERSONA
Nombre de persona Leuzinger, Elsy.
9 (RLIN) 71907
245 10 - MENCIÓN DEL TÍTULO
Título Arte de Africa negra /
Mención de responsabilidad, etc. [Elsy Leuzinger ; traducido por María-Lluisa Borráas].
260 ## - PUBLICACIÓN, DISTRIBUCIÓN, ETC.
Lugar de publicación, distribución, etc. Barcelona :
Nombre del editor, distribuidor, etc. Polígrafa,
Fecha de publicación, distribución, etc. [1976]
300 ## - DESCRIPCIÓN FÍSICA
Extensión 102 p., 244 lám. ;
Dimensiones 21 cm.
500 ## - NOTA GENERAL
Nota general Texto en español, inglés, francés y alemán.
700 1# - ENTRADA AGREGADA--NOMBRE PERSONAL
Nombre de persona Borràs, Maria Lluïsa.
9 (RLIN) 146592
852 ## - LOCALIZACIÓN
Ubicación ES-MaACL
Número de control de estantería A-6323
Sublocalización o colección R.95221
Holdings
Estatus retirado Estado de pérdida Estado de daño No para préstamo Biblioteca de origen Biblioteca actual Ubicación en estantería Fecha de adquisición Fuente de adquisición Total de préstamos Signatura topográfica completa Código de barras Visto por última vez Precio de reemplazo Tipo de ítem Koha
        Biblioteca del Ateneo de Madrid Biblioteca del Ateneo de Madrid Sala Pecera Planta 1 17/01/2008     A-6323 1095333 23/02/2023 23/02/2023 Libro impreso